| 000 | 00450nam a22001337a 4500 | ||
|---|---|---|---|
| 008 | 150508b xxu||||| |||| 00| 0 eng d | ||
| 082 |
_a779.209.2 _bA 948i |
||
| 100 |
_aAvedon, Richard _92620 |
||
| 245 |
_aIn the American West. Richard Avedon 1979-1984 _cAvedon, Richard |
||
| 260 |
_aNew York _bAbrams _c1985 |
||
| 300 |
_a172 p. _bill. (col) _c24x29.5 |
||
| 650 |
_xRetratos fotograficos _xFotografia _xAvedon, Richard _92621 |
||
| 700 |
_aAvedon, Richard _92622 |
||
| 999 |
_c582 _d582 |
||